[Event "Roncana op-B 9th"]
[Site "Santa Eulalia de Roncana"]
[Date "2015.11.21"]
[Round "7"]
[White "Valls Matheu, Albert"]
[Black "De Lomas Busquets, Biel"]
[Result "1/2-1/2"]
[WhiteElo "1630"]
[BlackElo "1738"]
[PlyCount "140"]
[EventDate "2015.10.03"]
[EventType "swiss"]
[EventRounds "8"]
[EventCountry "ESP"]
[SourceTitle "EXT 2017"]
[Source "ChessBase"]
[SourceDate "2016.10.25"]
[SourceVersion "1"]
[SourceVersionDate "2016.10.25"]
[SourceQuality "1"]

1. e4 e5 2. Nf3 Nc6 3. a3 Nf6 4. Nc3 Bc5 5. Bc4 0-0 6. d3 h6 7. 0-0 d6 8. h3 Be6 9. Na4 Bxc4 10. Nxc5 dxc5 11. dxc4 Qxd1 12. Rxd1 Nxe4 13. Be3 Rfd8 14. Nh4 Rxd1+ 15. Rxd1 Nd4 16. f3 Nxc2 17. Bxc5 Nxc5 18. Nf5 Kf8 19. Rd5 b6 20. Rxe5 g6 21. Nxh6 Kg7 22. Ng4 f5 23. Re7+ Kf8 24. Rxc7 fxg4 25. hxg4 Nd3 26. Rh7 Kg8 27. Rd7 Nxb2 28. Rd2 Nxa3 29. Rxb2 Nxc4 30. Re2 a5 31. g5 a4 32. Kf2 a3 33. Ra2 Nb2 34. Ke2 b5 35. Kd2 b4 36. Kc2 Nd1 37. Kb3 Nc3 38. Ra1 Rb8 39. Kc2 b3+ 40. Kxc3 b2 41. Rb1 Rc8+ 42. Kd2 Rc5 43. f4 Rc4 44. g3 Rb4 45. Kc2 Re4 46. Rd1 Rc4+ 47. Kb1 Rc8 48. Ka2 Rb8 49. Rb1 Ra8 50. g4 Kf7 51. Rd1 Rb8 52. Rb1 Ke6 53. Re1+ Kd5 54. Rb1 Ra8 55. f5 gxf5 56. gxf5 Ke5 57. Rf1 Rf8 58. Kxa3 Rxf5 59. Re1+ Kf4 60. g6 Rg5 61. Rf1+ Ke5 62. Re1+ Kf6 63. Rb1 Kxg6 64. Rxb2 Rg3+ 65. Kb4 Rg4+ 66. Kc3 Rg3+ 67. Kd4 Rg4+ 68. Ke5 Rg5+ 69. Kf4 Rf5+ 70. Ke4 Rf6 1/2-1/2

[Event "Roncana op-B 9th"]
[Site "Santa Eulalia de Roncana"]
[Date "2015.10.31"]
[Round "4"]
[White "De Lomas Busquets, Biel"]
[Black "Garcia Gil, Oriol"]
[Result "0-1"]
[WhiteElo "1738"]
[BlackElo "1802"]
[PlyCount "54"]
[EventDate "2015.10.03"]
[EventType "swiss"]
[EventRounds "8"]
[EventCountry "ESP"]
[SourceTitle "EXT 2017"]
[Source "ChessBase"]
[SourceDate "2016.10.25"]
[SourceVersion "1"]
[SourceVersionDate "2016.10.25"]
[SourceQuality "1"]

1. e4 c5 2. Nf3 Nc6 3. d4 cxd4 4. Nxd4 Nf6 5. Nc3 g6 6. Bc4 Bg7 7. 0-0 0-0 8. Be3 d6 9. h3 Nxe4 10. Nxe4 d5 11. Nxc6 bxc6 12. Bxd5 Qxd5 13. Qxd5 cxd5 14. Nc5 Bxb2 15. Rab1 Bg7 16. Rfd1 Bf5 17. Rb7 e6 18. Nd3 Rfc8 19. Rdb1 Rxc2 20. Nc5 h6 21. Rb8+ Rxb8 22. Rxb8+ Kh7 23. g4 d4 24. gxf5 gxf5 25. Nd3 dxe3 26. Kf1 e2+ 27. Ke1 Bc3# 0-1

[Event "Roncana op-C 8th"]
[Site "Santa Eulalia de Roncana"]
[Date "2014.11.22"]
[Round "6"]
[White "Guerrero Baez, Indira"]
[Black "De Lomas Busquets, Biel"]
[Result "0-1"]
[WhiteElo "1709"]
[BlackElo "1846"]
[PlyCount "80"]
[EventDate "2014.10.11"]
[EventType "swiss"]
[EventRounds "8"]
[EventCountry "ESP"]
[SourceTitle "EXT 2022"]
[Source "ChessBase"]
[SourceDate "2021.10.06"]
[SourceVersion "1"]
[SourceVersionDate "2021.10.06"]
[SourceQuality "1"]

1. e4 c5 2. Nf3 Nc6 3. Bc4 g6 4. Ng5 e6 5. d3 Bg7 6. Be3 Nf6 7. c3 0-0 8. Bxc5 Re8 9. 0-0 b6 10. Bd6 Bb7 11. Nd2 Bf8 12. Bxf8 Rxf8 13. Qf3 Ne5 14. Qf4 Nxc4 15. Nxc4 Qe7 16. e5 Nh5 17. Qf6 Nxf6 18. exf6 Qxf6 19. Ne4 Qf4 20. f3 d5 21. Ncd6 h5 22. g3 Qe5 23. Nxb7 dxe4 24. d4 Qc7 25. fxe4 Qxb7 26. e5 f6 27. exf6 Rf7 28. Rae1 Qd7 29. Re2 Raf8 30. Ref2 Qd8 31. Rf4 Rxf6 32. Rxf6 Rxf6 33. Rxf6 Qxf6 34. a3 e5 35. dxe5 Qxe5 36. b4 a5 37. bxa5 Qxa5 38. c4 Qxa3 39. Kf2 Qc5+ 40. Kf3 Qxc4 0-1

[Event "Roncana op-C 8th"]
[Site "Santa Eulalia de Roncana"]
[Date "2014.11.08"]
[Round "4"]
[White "Salvany Alonso, Artur"]
[Black "De Lomas Busquets, Biel"]
[Result "0-1"]
[WhiteElo "1715"]
[BlackElo "1846"]
[PlyCount "71"]
[EventDate "2014.10.11"]
[EventType "swiss"]
[EventRounds "8"]
[EventCountry "ESP"]
[SourceTitle "EXT 2016"]
[Source "ChessBase"]
[SourceDate "2015.10.08"]
[SourceVersion "1"]
[SourceVersionDate "2015.10.08"]
[SourceQuality "1"]

1. e4 e5 2. Nf3 Nc6 3. Bc4 Nf6 4. Nc3 Bc5 5. 0-0 0-0 6. d3 h6 7. Nd5 Nxd5 8. Bxd5 d6 9. h3 Bd4 10. c3 Bc5 11. Bxc6 bxc6 12. d4 exd4 13. cxd4 Bb6 14. Bf4 d5 15. Re1 dxe4 16. Rxe4 Re8 17. Rxe8+ Qxe8 18. d5 Bd7 19. dxc6 Bxc6 20. Rc1 Rd8 21. Qb3 Bd5 22. Qb4 Qe2 23. Nd4 Bxd4 24. Qxd4 c6 25. Qxa7 Qe4 26. f3 Qxf4 27. Re1 Qd2 28. Re7 Qg5 29. Qc7 Rf8 30. a4 Bxf3 31. Qh2 Qxe7 32. gxf3 Re8 33. Qg2 Qe1+ 34. Kh2 Re2 35. h4 Rxg2+ 36. Kxg2 0-1